Countries Marshmello has Visited - Statistics

General Stats
  • This quiz has been taken 18 times
    5 since last reset
  • The average score is 26 of 47
Answer Stats
Continent Country % Correct
South America Argentina
80%
Europe Austria
80%
Europe Belgium
80%
South America Brazil
80%
Europe France
80%
Europe Spain
80%
Oceania Australia
60%
North America Canada
60%
South America Chile
60%
Asia China
60%
Europe Croatia
60%
Europe Denmark
60%
Europe Estonia
60%
Europe Finland
60%
Europe Germany
60%
Europe Hungary
60%
Asia India
60%
Asia Israel
60%
Europe Italy
60%
North America Mexico
60%
Europe Netherlands
60%
Europe Norway
60%
South America Peru
60%
Europe Poland
60%
Europe Portugal
60%
Asia Qatar
60%
Europe Romania
60%
Asia/ Europe Russia
60%
Asia South Korea
60%
Europe Sweden
60%
Asia/ Europe Turkey
60%
Asia United Arab Emirates
60%
Europe United Kingdom
60%
North America United States of America
60%
Europe Czech Republic
40%
North America Guatemala
40%
Asia Japan
40%
Asia Malaysia
40%
Europe Malta
40%
Africa Morocco
40%
South America Paraguay
40%
Asia Saudi Arabia
40%
Asia Singapore
40%
Asia Taiwan
40%
Asia Thailand
40%
North America Dominican Republic
20%
Asia Myanmar
20%
No matching quizzes found
Score Distribution
Percent of People with Each Score
Percentile by Number Answered
Your Score History
You have not taken this quiz since the last reset